Advances in Web and Network Technologies, and Information Management APWeb/WAIM 2009 International Workshops: WCMT 2009, RTBI 2009, DBIR-ENQOIR 2009, PAIS 2009, Suzhou, China, April 2-4, 2009, Revised Selected Papers /

This volume comprises papers from four APWeb/WAIM 2009 workshops, which are 1. International Workshop on Web-based Contents Management Technologies (WCMT 2009), 2. International Workshop on Real-Time Business Intelligence (RTBI 2009), 3. International Workshop on DataBase and Information Retrieval a...

Πλήρης περιγραφή

Λεπτομέρειες βιβλιογραφικής εγγραφής
Συγγραφή απο Οργανισμό/Αρχή: SpringerLink (Online service)
Άλλοι συγγραφείς: Chen, Lei (Επιμελητής έκδοσης), Liu, Chengfei (Επιμελητής έκδοσης), Zhang, Xiao (Επιμελητής έκδοσης), Wang, Shan (Επιμελητής έκδοσης), Strasunskas, Darijus (Επιμελητής έκδοσης), Tomassen, Stein L. (Επιμελητής έκδοσης), Rao, Jinghai (Επιμελητής έκδοσης), Li, Wen-Syan (Επιμελητής έκδοσης), Candan, K. Selçuk (Επιμελητής έκδοσης), Chiu, Dickson K. W. (Επιμελητής έκδοσης), Zhuang, Yi (Επιμελητής έκδοσης), Ellis, Clarence A. (Επιμελητής έκδοσης), Kim, Kwang-Hoon (Επιμελητής έκδοσης)
Μορφή: Ηλεκτρονική πηγή Ηλ. βιβλίο
Γλώσσα:English
Έκδοση: Berlin, Heidelberg : Springer Berlin Heidelberg : Imprint: Springer, 2009.
Σειρά:Lecture Notes in Computer Science, 5731
Θέματα:
Διαθέσιμο Online:Full Text via HEAL-Link
LEADER 05568nam a22007095i 4500
001 978-3-642-03996-6
003 DE-He213
005 20170118041348.0
007 cr nn 008mamaa
008 100301s2009 gw | s |||| 0|eng d
020 |a 9783642039966  |9 978-3-642-03996-6 
024 7 |a 10.1007/978-3-642-03996-6  |2 doi 
040 |d GrThAP 
050 4 |a QA76.9.D343 
072 7 |a UNF  |2 bicssc 
072 7 |a UYQE  |2 bicssc 
072 7 |a COM021030  |2 bisacsh 
082 0 4 |a 006.312  |2 23 
245 1 0 |a Advances in Web and Network Technologies, and Information Management  |h [electronic resource] :  |b APWeb/WAIM 2009 International Workshops: WCMT 2009, RTBI 2009, DBIR-ENQOIR 2009, PAIS 2009, Suzhou, China, April 2-4, 2009, Revised Selected Papers /  |c edited by Lei Chen, Chengfei Liu, Xiao Zhang, Shan Wang, Darijus Strasunskas, Stein L. Tomassen, Jinghai Rao, Wen-Syan Li, K. Selçuk Candan, Dickson K. W. Chiu, Yi Zhuang, Clarence A. Ellis, Kwang-Hoon Kim. 
264 1 |a Berlin, Heidelberg :  |b Springer Berlin Heidelberg :  |b Imprint: Springer,  |c 2009. 
300 |a XVII, 245 p.  |b online resource. 
336 |a text  |b txt  |2 rdacontent 
337 |a computer  |b c  |2 rdamedia 
338 |a online resource  |b cr  |2 rdacarrier 
347 |a text file  |b PDF  |2 rda 
490 1 |a Lecture Notes in Computer Science,  |x 0302-9743 ;  |v 5731 
505 0 |a International Workshop on Real-Time Business Intelligence (RTBI 2009) -- ScaMMDB: Facing Challenge of Mass Data Processing with MMDB -- A Data Distribution Strategy for Scalable Main-Memory Database -- Temporal Restriction Query Optimization for Event Stream Processing -- International Workshop on Web-Based Contents Management Technologies(WCMT 2009) -- Video Object Segmentation Based on Disparity -- A Database Approach for Accelerate Video Data Access -- Medical Image Retrieval in Private Network Based on Dynamic Fuzzy Data Model and Wavelet Entropy -- Extension of OWL with Dynamic Fuzzy Logic -- ADEB: A Dynamic Alert Degree Evaluation Model for Blogosphere -- Data Warehouse Based Approach to the Integration of Semi-structured Data -- Towards Faceted Search for Named Entity Queries -- A Petri-Net-Based Approach to QoS Estimation of Web Service Choreographies -- Personalization Service Research of the E-Learning System Based on Clustering Coefficient Partition Algorithm -- International Workshop on Process Aware Information Systems (PAIS 2007) -- Automatic Generation of Processes Based on Processes Semantic for Smartflow Pattern -- Easy Flow: New Generation Business Process Model -- International Workshop on Data Base and Information Retrieval and on Aspects in Evaluating Holistic Quality of Ontology-Based Information Retrieval (DBIR-ENQOIR 2009) -- User Feedback for Improving Question Categorization in Web-Based Question Answering Systems -- XTree: A New XML Keyword Retrieval Model -- Effective Top-k Keyword Search in Relational Databases Considering Query Semantics -- A Grid Index Based Method for Continuous Constrained Skyline Query over Data Stream -- Ontology Personalization: An Approach Based on Conceptual Prototypicality -- Ontology Evaluation through Text Classification -- Core-Tag Clustering for Web 2.0 Based on Multi-similarity Measurements -- Meta Galaxy: A Flexible and Efficient Cube Model for Data Retrieval in OLAP. 
520 |a This volume comprises papers from four APWeb/WAIM 2009 workshops, which are 1. International Workshop on Web-based Contents Management Technologies (WCMT 2009), 2. International Workshop on Real-Time Business Intelligence (RTBI 2009), 3. International Workshop on DataBase and Information Retrieval and Aspects in Evaluating Holistic Quality of Ontology-based Information Retrieval (DBIR-ENQOIR 2009), as well as 4. International Workshop on Process Aware Information Systems (PAIS 2009. These four workshops were selected from a public call-for-proposals process. The workshop organizers have put a tremendous amount of effort into soliciting and selecting research papers with a balance of high quality and new ideas and new applications. 
650 0 |a Computer science. 
650 0 |a Computer communication systems. 
650 0 |a Computers. 
650 0 |a Data mining. 
650 0 |a Information storage and retrieval. 
650 0 |a User interfaces (Computer systems). 
650 1 4 |a Computer Science. 
650 2 4 |a Data Mining and Knowledge Discovery. 
650 2 4 |a Computer Communication Networks. 
650 2 4 |a User Interfaces and Human Computer Interaction. 
650 2 4 |a Information Systems and Communication Service. 
650 2 4 |a Information Storage and Retrieval. 
650 2 4 |a Information Systems Applications (incl. Internet). 
700 1 |a Chen, Lei.  |e editor. 
700 1 |a Liu, Chengfei.  |e editor. 
700 1 |a Zhang, Xiao.  |e editor. 
700 1 |a Wang, Shan.  |e editor. 
700 1 |a Strasunskas, Darijus.  |e editor. 
700 1 |a Tomassen, Stein L.  |e editor. 
700 1 |a Rao, Jinghai.  |e editor. 
700 1 |a Li, Wen-Syan.  |e editor. 
700 1 |a Candan, K. Selçuk.  |e editor. 
700 1 |a Chiu, Dickson K. W.  |e editor. 
700 1 |a Zhuang, Yi.  |e editor. 
700 1 |a Ellis, Clarence A.  |e editor. 
700 1 |a Kim, Kwang-Hoon.  |e editor. 
710 2 |a SpringerLink (Online service) 
773 0 |t Springer eBooks 
776 0 8 |i Printed edition:  |z 9783642039959 
830 0 |a Lecture Notes in Computer Science,  |x 0302-9743 ;  |v 5731 
856 4 0 |u http://dx.doi.org/10.1007/978-3-642-03996-6  |z Full Text via HEAL-Link 
912 |a ZDB-2-SCS 
912 |a ZDB-2-LNC 
950 |a Computer Science (Springer-11645)